[Event "220th YMCA Autumn A"]
[Site "Warsaw"]
[Date "2019.09.20"]
[Round "1"]
[White "Moskwinski, Marek"]
[Black "Poniewierski, Piotr"]
[Result "1-0"]
[WhiteElo "1942"]
[BlackElo "1885"]
[PlyCount "57"]
[EventDate "2019.09.20"]
[EventType "tourn"]
[EventRounds "1"]
[EventCountry "POL"]
[SourceDate "2019.09.20"]

1. e4 c5 2. Nf3 e6 3. d4 cxd4 4. Nxd4 a6 5. Nc3 Qc7 6. Bd3 Nc6 7. Nxc6 bxc6 8.
f4 Bc5 9. Qf3 Ne7 10. Bd2 Rb8 11. g4 O-O 12. O-O-O f5 13. Rde1 fxe4 14. Qxe4
Ng6 15. Rhf1 Rb4 16. Qe2 Nxf4 17. Bxf4 Rbxf4 18. Rxf4 Qxf4+ 19. Kb1 Qf3 20. Qe5
Qf2 21. Rd1 g6 22. Ne4 Qf3 23. Be2 Qe3 24. Nf6+ Rxf6 25. Qxf6 Qxe2 26. Rf1 Bb7
27. Qf7+ Kh8 28. g5 Bf2 29. Qf8# 1-0

[Event "220th YMCA Autumn A"]
[Site "Warsaw"]
[Date "2019.10.03"]
[Round "1"]
[White "Staniak, Mariusz"]
[Black "Liberadzki, Slawomir"]
[Result "0-1"]
[WhiteElo "1808"]
[BlackElo "1983"]
[PlyCount "120"]
[EventDate "2019.09.20"]
[EventType "tourn"]
[EventRounds "1"]
[EventCountry "POL"]
[SourceDate "2019.09.20"]

1. e4 c5 2. Nf3 e6 3. Nc3 a6 4. g3 Nc6 5. Bg2 d6 6. O-O Nge7 7. d4 cxd4 8. Nxd4
Nxd4 9. Qxd4 Nc6 10. Qd3 Be7 11. Be3 O-O 12. Rad1 Qc7 13. Qe2 b5 14. f4 b4 15.
Nb1 Bd7 16. Qf2 Rab8 17. Nd2 Na5 18. b3 Rfc8 19. Nf3 Qxc2 20. Rd2 Qc7 21. Rfd1
Qb7 22. Ne5 Be8 23. Nd3 Bc6 24. Ba7 Ra8 25. Bb6 Bd8 26. Bxd8 Rxd8 27. Nc5 Qe7
28. Nd3 Rab8 29. Qd4 Qb7 30. Nc5 Qb6 31. Bf1 Bb5 32. Na4 Bxa4 33. bxa4 Kf8 34.
Kg2 Qxd4 35. Rxd4 Rb6 36. Kf3 Ke7 37. Rc1 b3 38. axb3 Nxb3 39. Rc7+ Rd7 40.
Rxd7+ Kxd7 41. Rd1 Nc5 42. a5 Rb3+ 43. Kg4 Nxe4 44. Ra1 Nc5 45. Ra2 d5 46. Rc2
Kd6 47. Ra2 f6 48. Be2 e5 49. fxe5+ fxe5 50. Rd2 Ra3 51. Bf3 e4 52. Be2 Rxa5
53. Bc4 Nd7 54. Kf4 Nb6 55. Ba2 Ra3 56. Rb2 Rf3+ 57. Kg4 Kc5 58. Bb3 Rf6 59.
Bd1 Nc4 60. Rc2 d4 0-1

[Event "220th YMCA Autumn A"]
[Site "Warsaw"]
[Date "2019.09.20"]
[Round "1"]
[White "Kosny, Marek"]
[Black "Dabrowski, Leszek"]
[Result "1-0"]
[WhiteElo "1861"]
[BlackElo "1851"]
[PlyCount "59"]
[EventDate "2019.09.20"]
[EventType "tourn"]
[EventRounds "1"]
[EventCountry "POL"]
[SourceDate "2019.09.20"]

1. Nf3 Nf6 2. c4 e6 3. g3 d5 4. d4 Bb4+ 5. Bd2 Qe7 6. a3 Bxd2+ 7. Nbxd2 O-O 8.
Bg2 Nc6 9. O-O Bd7 10. b4 a6 11. Rc1 b5 12. cxd5 exd5 13. Nb3 Ne4 14. Nc5 Nd6
15. Ne5 Nxe5 16. dxe5 Nc4 17. Nxd7 Qxd7 18. Bxd5 Nb2 19. Qb3 Rad8 20. e4 Na4
21. e6 Qe7 22. exf7+ Kh8 23. Qc2 Nb6 24. Qxc7 Nxd5 25. exd5 Rxf7 26. d6 Qf8 27.
Qb6 Rxd6 28. Rc6 Rff6 29. Rfc1 h6 30. Qxa6 1-0

[Event "220th YMCA Autumn A"]
[Site "Warsaw"]
[Date "2019.09.20"]
[Round "1"]
[White "Kasperkiewicz, Pawel"]
[Black "Matyszkiewicz, Wiktor"]
[Result "0-1"]
[WhiteElo "1869"]
[BlackElo "1844"]
[PlyCount "120"]
[EventDate "2019.09.20"]
[EventType "tourn"]
[EventRounds "1"]
[EventCountry "POL"]
[SourceDate "2019.09.20"]

1. d4 Nf6 2. c4 g6 3. Nc3 Bg7 4. e4 d6 5. Nf3 O-O 6. h3 e5 7. dxe5 dxe5 8. Qxd8
Rxd8 9. Bg5 Re8 10. O-O-O Nc6 11. Bd3 Be6 12. Nd5 Bxd5 13. cxd5 Nb4 14. Bb1 c6
15. a3 Na6 16. dxc6 Nc5 17. cxb7 Rab8 18. Ba2 Ncxe4 19. Be3 Rxb7 20. Nd2 Rc8+
21. Nc4 Rbc7 22. Kb1 h5 23. Nd6 Rb8 24. Nxe4 Nxe4 25. Rc1 Nc3+ 26. Ka1 e4 27.
Bf4 Nxa2 28. Rb1 Rb3 29. Kxa2 Rcb7 30. Bc1 Bd4 31. Re1 f5 32. Re2 Bc5 33. Be3
Bxa3 34. Bd4 Bf8 35. Rc1 Bg7 36. Rc8+ Kf7 37. Bxg7 Kxg7 38. Rec2 R3b6 39. R2c7+
Kf6 40. Rxb7 Rxb7 41. Rc6+ Kf7 42. Kb1 a5 43. Kc2 a4 44. Ra6 Rc7+ 45. Kd2 Rc4
46. g3 Rb4 47. Kc2 Rb3 48. Rxa4 Rf3 49. Ra7+ Kf8 50. Ra8+ Kg7 51. Ra7+ Kh6 52.
Ra3 Rxf2+ 53. Kc3 Rg2 54. Ra1 Rxg3+ 55. Kc4 Rxh3 56. b4 Rh2 57. Rb1 Rc2+ 58.
Kd5 Rd2+ 59. Kc6 e3 60. b5 e2 0-1

[Event "220th YMCA Autumn A"]
[Site "Warsaw"]
[Date "2019.09.26"]
[Round "1"]
[White "Safanowski, Tomasz"]
[Black "Derylo, Kamil"]
[Result "0-1"]
[WhiteElo "1841"]
[BlackElo "2020"]
[PlyCount "126"]
[EventDate "2019.09.20"]
[EventType "tourn"]
[EventRounds "1"]
[EventCountry "POL"]
[SourceDate "2019.09.20"]

1. d4 d5 2. Nf3 Nf6 3. e3 c6 4. c4 e6 5. Nc3 Nbd7 6. Bd2 Bd6 7. c5 Bc7 8. Be2
O-O 9. O-O e5 10. b4 Ne4 11. b5 Qf6 12. a4 Nxd2 13. Qxd2 e4 14. Ne1 Qh6 15. g3
f5 16. Ng2 Nf6 17. a5 Ng4 18. Bxg4 fxg4 19. a6 bxa6 20. bxc6 Rf5 21. Nf4 Bxf4
22. exf4 Rh5 23. h4 gxh3 24. Kh2 Qxc6 25. Qe2 Rf5 26. Nd1 Rb8 27. Ne3 Rf8 28.
Qa2 Rd8 29. Qa5 Rd7 30. Nf5 Rb5 31. Qd8+ Rxd8 32. Ne7+ Kf8 33. Nxc6 Rd7 34. Ne5
Rc7 35. c6 Ke7 36. Ra2 Rb4 37. Rd2 Kd6 38. g4 g6 39. Kxh3 h5 40. Kh4 Bxg4 41.
Kg5 Bf5 42. Ra1 Rb3 43. Rxa6 e3 44. fxe3 Rxe3 45. Kf6 Be6 46. f5 gxf5 47. Rb2
Bc8 48. Rb8 h4 49. Rxa7 Rxa7 50. Rxc8 h3 51. Kxf5 Rh7 52. Rd8+ Kc7 53. Ra8 Rh5+
54. Kg4 Rexe5 55. dxe5 h2 56. Kxh5 h1=Q+ 57. Kg5 Kxc6 58. Kf6 Qh4+ 59. Kf5 d4
60. e6 d3 61. Ra6+ Kc5 62. Ra5+ Kb6 63. Rd5 Qh5+ 0-1

[Event "220th YMCA Autumn A"]
[Site "Warsaw"]
[Date "2019.10.03"]
[Round "1"]
[White "Omar, Mohamed"]
[Black "Potocki, Karol"]
[Result "0-1"]
[WhiteElo "1864"]
[BlackElo "1847"]
[PlyCount "38"]
[EventDate "2019.09.20"]
[EventType "tourn"]
[EventRounds "1"]
[EventCountry "POL"]
[SourceDate "2019.09.20"]

1. f4 d5 2. Nf3 c5 3. e3 Nc6 4. d4 e6 5. c3 Nf6 6. Bd3 Be7 7. O-O O-O 8. Nbd2
b6 9. Ne5 Bb7 10. Qf3 Rc8 11. g4 h6 12. g5 hxg5 13. fxg5 Nxe5 14. dxe5 Ne4 15.
h4 Bxg5 16. h5 Bh6 17. Nxe4 dxe4 18. Bxe4 Qg5+ 19. Kf2 Qh4+ 0-1

[Event "220th YMCA Autumn A"]
[Site "Warsaw"]
[Date "2019.09.27"]
[Round "2"]
[White "Poniewierski, Piotr"]
[Black "Choroszej, Aleksander"]
[Result "0-1"]
[WhiteElo "1885"]
[BlackElo "2054"]
[PlyCount "80"]
[EventDate "2019.09.20"]
[EventType "tourn"]
[EventRounds "1"]
[EventCountry "POL"]
[SourceDate "2019.09.20"]

1. Nf3 g6 2. c4 Bg7 3. g3 c5 4. d4 cxd4 5. Nxd4 Nf6 6. Bg2 O-O 7. O-O d5 8.
cxd5 Nxd5 9. a3 Nb6 10. Nb5 Nc6 11. N1c3 a6 12. Qxd8 Rxd8 13. Nc7 Rb8 14. Nxa6
bxa6 15. Bxc6 Bh3 16. Bg2 Bxg2 17. Kxg2 Nc4 18. Na4 Nxb2 19. Nxb2 Bxb2 20. Ra2
Bxc1 21. Rxc1 Rdc8 22. Rxc8+ Rxc8 23. Kf3 f5 24. Ke3 e5 25. Rd2 Kf7 26. Rd5
Rc3+ 27. Rd3 Rc4 28. Kd2 Ke6 29. Rc3 Kd5 30. Rd3+ Kc5 31. Rc3 a5 32. Kd3 e4+
33. Kc2 Kd4 34. e3+ Kc5 35. Kb2 g5 36. Kb3 a4+ 37. Kc2 Rxc3+ 38. Kxc3 g4 39.
Kc2 Kc4 40. Kd2 Kb3 0-1

[Event "220th YMCA Autumn A"]
[Site "Warsaw"]
[Date "2019.09.26"]
[Round "2"]
[White "Potocki, Karol"]
[Black "Koziol, Pawel"]
[Result "1/2-1/2"]
[WhiteElo "1847"]
[BlackElo "1822"]
[PlyCount "52"]
[EventDate "2019.09.20"]
[EventType "tourn"]
[EventRounds "1"]
[EventCountry "POL"]
[SourceDate "2019.09.20"]

1. e4 c5 2. Nf3 e6 3. c3 d5 4. exd5 exd5 5. d4 Bd6 6. Bb5+ Nc6 7. O-O Nge7 8.
Re1 O-O 9. Nbd2 cxd4 10. cxd4 Bg4 11. Be2 Rc8 12. a3 Ng6 13. h3 Bf5 14. Nf1 Nf4
15. Bxf4 Bxf4 16. Bd3 Qf6 17. Ne3 Be6 18. b4 g6 19. Bf1 a6 20. Rc1 Bh6 21. Rc5
Rfd8 22. Ne5 Rd6 23. N3g4 Bxg4 24. Qxg4 Rcd8 25. Qd1 Bg7 26. Nxc6 Rxc6 $11
1/2-1/2

[Event "220th YMCA Autumn A"]
[Site "Warsaw"]
[Date "2019.09.27"]
[Round "2"]
[White "Derylo, Kamil"]
[Black "Omar, Mohamed"]
[Result "1/2-1/2"]
[WhiteElo "2020"]
[BlackElo "1864"]
[PlyCount "114"]
[EventDate "2019.09.20"]
[EventType "tourn"]
[EventRounds "1"]
[EventCountry "POL"]
[SourceDate "2019.09.20"]

1. e4 Nf6 2. e5 Nd5 3. d4 d6 4. c4 Nb6 5. exd6 exd6 6. Nc3 Nc6 7. h3 Bf5 8. Be3
Be7 9. Nf3 O-O 10. Be2 Bf6 11. O-O Re8 12. Qd2 a5 13. Rad1 a4 14. c5 Nc8 15.
Bb5 Bd7 16. d5 Na5 17. Qd3 dxc5 18. Bxc5 b6 19. Bd4 Bxb5 20. Qxb5 Nd6 21. Qxa4
Nf5 22. Bxf6 Qxf6 23. Rfe1 Nd6 24. Nb5 Nab7 25. Nxd6 Nxd6 26. Qb3 h6 27. a3
Rxe1+ 28. Rxe1 Ra5 29. Rc1 Rb5 30. Qd3 Qxb2 31. Rxc7 Rb3 32. Qc2 Qxc2 33. Rxc2
Rxa3 34. Rc6 Ne4 35. Rxb6 Rd3 36. Rb8+ Kh7 37. Rd8 Nf6 38. d6 Rd1+ 39. Kh2 Ne4
40. Rd7 Rxd6 41. Rxf7 Nxf2 42. Nh4 Rf6 43. Re7 Nd3 44. g4 Kg8 45. Nf5 Rf7 46.
Re3 Rd7 47. Kg3 Kf7 48. h4 Nc5 49. Rf3 Kg8 50. Kf4 Kh7 51. Ke5 Nd3+ 52. Ke4
Nc5+ 53. Kf4 g6 54. Ne3 Rf7+ 55. Kg3 Rxf3+ 56. Kxf3 Kg7 57. Kf4 g5+ 1/2-1/2

[Event "220th YMCA Autumn A"]
[Site "Warsaw"]
[Date "2019.09.24"]
[Round "2"]
[White "Matyszkiewicz, Wiktor"]
[Black "Safanowski, Tomasz"]
[Result "0-1"]
[WhiteElo "1844"]
[BlackElo "1841"]
[PlyCount "70"]
[EventDate "2019.09.20"]
[EventType "tourn"]
[EventRounds "1"]
[EventCountry "POL"]
[SourceDate "2019.09.20"]

1. e4 e6 2. d4 d5 3. Nc3 Nf6 4. Bg5 Be7 5. e5 Nfd7 6. Bxe7 Qxe7 7. f4 a6 8. Nf3
c5 9. Qd2 Nc6 10. O-O-O b5 11. dxc5 Qxc5 12. Kb1 Nb6 13. Nd4 Nxd4 14. Qxd4 Qxd4
15. Rxd4 Bd7 16. Ne2 Ke7 17. b3 f6 18. Rd2 b4 19. Nd4 a5 20. Bd3 fxe5 21. fxe5
Raf8 22. Kb2 Rf4 23. Bb5 Rxd4 24. Rxd4 Bxb5 25. Rf4 Rc8 26. Re1 Be8 27. Re3 Nd7
28. c3 bxc3+ 29. Rxc3 Rxc3 30. Kxc3 Nxe5 31. a3 g5 32. Rf1 Bb5 33. Re1 Kd6 34.
b4 a4 35. Re3 h5 0-1

[Event "220th YMCA Autumn A"]
[Site "Warsaw"]
[Date "2019.09.25"]
[Round "2"]
[White "Tychulski, Krzysztof"]
[Black "Kasperkiewicz, Pawel"]
[Result "1-0"]
[WhiteElo "1834"]
[BlackElo "1869"]
[PlyCount "109"]
[EventDate "2019.09.20"]
[EventType "tourn"]
[EventRounds "1"]
[EventCountry "POL"]
[SourceDate "2019.09.20"]

1. e4 e6 2. d4 d5 3. Nc3 Bb4 4. e5 b6 5. a3 Bf8 6. f4 Nh6 7. Nf3 c5 8. Bb5+ Bd7
9. Bd3 Nc6 10. O-O cxd4 11. Ne2 Ng4 12. h3 Ne3 13. Bxe3 dxe3 14. b4 a5 15. b5
Ne7 16. g4 g6 17. Qc1 h5 18. Qxe3 Rc8 19. Ned4 Rc3 20. a4 hxg4 21. hxg4 Qc7 22.
Kg2 Bg7 23. Rh1 Rxh1 24. Rxh1 Kf8 25. Ng5 Qc4 26. Bxc4 Rxe3 27. Bd3 Kg8 28. Kf2
Re4 29. Bxe4 dxe4 30. Nxe4 Bc8 31. Nd6 Bd7 32. c4 g5 33. Nf3 gxf4 34. Rd1 Ng6
35. Nxf7 Be8 36. N7g5 Nxe5 37. Nxe5 Bxe5 38. Nxe6 Kf7 39. Nd8+ Kf6 40. Nc6 Bc7
41. Kf3 Ke6 42. Nd8+ Kf6 43. Nb7 Ke7 44. c5 bxc5 45. Nxc5 Bb8 46. Nb3 Bc7 47.
Rc1 Kd8 48. Rxc7 Kxc7 49. Kxf4 Bf7 50. Nd4 Kb6 51. Ke5 Kc5 52. g5 Be8 53. Nc6
Kc4 54. Nxa5+ Kb4 55. b6 1-0

[Event "220th YMCA Autumn A"]
[Site "Warsaw"]
[Date "2019.10.08"]
[Round "2"]
[White "Liberadzki, Slawomir"]
[Black "Kosny, Marek"]
[Result "1-0"]
[WhiteElo "1983"]
[BlackElo "1861"]
[PlyCount "107"]
[EventDate "2019.09.20"]
[EventType "tourn"]
[EventRounds "1"]
[EventCountry "POL"]
[SourceDate "2019.09.20"]

1. e4 Nf6 2. e5 Nd5 3. d4 d6 4. c4 Nb6 5. exd6 cxd6 6. Nc3 g6 7. Be3 Bg7 8. Rc1
O-O 9. b3 Nc6 10. d5 Ne5 11. Be2 f5 12. f4 Nf7 13. Bf3 Re8 14. Nge2 e6 15. dxe6
Bxe6 16. Bd4 Rb8 17. O-O Nc8 18. Kh1 a6 19. Nd5 Bxd5 20. Bxd5 Ne7 21. Nc3 Bxd4
22. Qxd4 Nc6 23. Qd2 Qf6 24. Rcd1 Rbd8 25. Rfe1 Kf8 26. h3 Rd7 27. Rxe8+ Kxe8
28. Na4 Ncd8 29. Nb6 Rc7 30. Bxf7+ Rxf7 31. Qxd6 Qxd6 32. Rxd6 Re7 33. Rd2 Ne6
34. Nd5 Rg7 35. Re2 Kf7 36. Kg1 Rg8 37. Kf2 Rd8 38. g3 b5 39. Rc2 bxc4 40. bxc4
Nc5 41. Kf3 Ne6 42. Rb2 Rd7 43. Rb6 Ra7 44. Nb4 a5 45. Nc6 Rc7 46. Ne5+ Ke7 47.
Ra6 Rc5 48. Ra7+ Nc7 49. Ke3 Kd6 50. Kd4 Ne6+ 51. Kd3 Nc7 52. a4 Ke6 53. Kd4
Kd6 54. Nf7+ 1-0

[Event "220th YMCA Autumn A"]
[Site "Warsaw"]
[Date "2019.09.27"]
[Round "2"]
[White "Moskwinski, Marek"]
[Black "Staniak, Mariusz"]
[Result "1-0"]
[WhiteElo "1942"]
[BlackElo "1808"]
[PlyCount "147"]
[EventDate "2019.09.20"]
[EventType "tourn"]
[EventRounds "1"]
[EventCountry "POL"]
[SourceDate "2019.09.20"]

1. e4 e5 2. Nf3 Nf6 3. Nxe5 d6 4. Nf3 Nxe4 5. d4 d5 6. Bd3 Nc6 7. c3 Be7 8.
Nbd2 Nf6 9. O-O O-O 10. Re1 Re8 11. Ne5 Nxe5 12. dxe5 Nd7 13. Nf1 Nc5 14. Bc2
c6 15. Bf4 Be6 16. Ne3 Ne4 17. Bxe4 dxe4 18. Qc2 Qb6 19. b3 f5 20. exf6 Bxf6
21. Nc4 Bxc4 22. bxc4 Qa5 23. Re3 Rad8 24. Rae1 a6 25. Rxe4 Rxe4 26. Qxe4 h6
27. g3 Bxc3 28. Qe6+ Kh7 29. Re2 Qh5 30. Qe4+ Qg6 31. h4 Qxe4 32. Rxe4 Rd1+ 33.
Kg2 Ra1 34. Re2 b5 35. Rc2 Bf6 36. cxb5 cxb5 37. Bd2 Rb1 38. Bc3 Bxc3 39. Rxc3
a5 40. Kf3 Rb2 41. a3 Kg6 42. Ke3 Kf5 43. a4 bxa4 44. Rc7 Kg4 45. Rc4+ Kh3 46.
Rxa4 Rb3+ 47. Ke2 Rb5 48. Rf4 Rb7 49. h5 Rb5 50. Rf7 Rg5 51. Kf3 a4 52. Rf4 Kh2
53. Rxa4 Rxh5 54. Rg4 Rf5+ 55. Ke3 Rf7 56. Rg6 Kg2 57. f4 Re7+ 58. Kd4 Kf3 59.
Kd5 Ra7 60. f5 Rf7 61. Ke6 Ra7 62. Kd6 Ra6+ 63. Ke7 Ra7+ 64. Kf8 Ke4 65. g4 Kf4
66. Rxg7 Ra8+ 67. Kf7 Rh8 68. f6 h5 69. g5 Kf5 70. Ke7 Ra8 71. f7 Ra7+ 72. Kd6
Ra6+ 73. Kc5 Rf6 74. gxf6 1-0

[Event "220th YMCA Autumn A"]
[Site "Warsaw"]
[Date "2019.10.04"]
[Round "3"]
[White "Staniak, Mariusz"]
[Black "Poniewierski, Piotr"]
[Result "1/2-1/2"]
[WhiteElo "1808"]
[BlackElo "1885"]
[PlyCount "106"]
[EventDate "2019.09.20"]
[EventType "tourn"]
[EventRounds "1"]
[EventCountry "POL"]
[SourceDate "2019.09.20"]

1. e4 c5 2. Nf3 e6 3. Nc3 a6 4. g3 Nc6 5. Bg2 g6 6. O-O Bg7 7. Re1 Nge7 8. d3
O-O 9. Be3 Nd4 10. Qd2 b6 11. Rac1 Bb7 12. Bh6 f5 13. Bxg7 Kxg7 14. Nxd4 cxd4
15. Ne2 e5 16. c3 dxc3 17. Rxc3 d5 18. exf5 Nxf5 19. d4 e4 20. Nf4 Qd6 21. Rc7+
Rf7 22. Rec1 Kg8 23. Qc3 Rxc7 24. Qxc7 Rc8 25. Qxb7 Rxc1+ 26. Bf1 Qc6 27. Qb8+
Qc8 28. Qe5 Qc4 29. Qe8+ Kg7 30. Qe5+ Kh6 31. Ne2 Qxe2 32. Qf4+ g5 33. Qxc1
Nxd4 34. h4 e3 35. hxg5+ Kxg5 36. Qxe3+ Qxe3 37. fxe3 Nf5 38. Kf2 b5 39. Bd3 h5
40. e4 dxe4 41. Bxe4 Nd6 42. Bd3 Nf7 43. a4 Nd6 44. axb5 axb5 $11 45. b4 Kg4
46. Be2+ Kg5 47. Bd3 Kg4 48. Be2+ Kg5 49. Bf3 Nf5 50. Bc6 Nd4 51. Bd7 Nc2 52.
Bxb5 Nxb4 53. Be2 Nd5 $11 1/2-1/2

[Event "220th YMCA Autumn A"]
[Site "Warsaw"]
[Date "2019.10.04"]
[Round "3"]
[White "Kosny, Marek"]
[Black "Moskwinski, Marek"]
[Result "0-1"]
[WhiteElo "1861"]
[BlackElo "1942"]
[PlyCount "50"]
[EventDate "2019.09.20"]
[EventType "tourn"]
[EventRounds "1"]
[EventCountry "POL"]
[SourceDate "2019.09.20"]

1. Nf3 Nf6 2. c4 c5 3. Nc3 Nc6 4. g3 d5 5. cxd5 Nxd5 6. Bg2 g6 7. O-O Bg7 8.
Qa4 O-O 9. Qc4 Nxc3 10. dxc3 Qb6 11. Qh4 Bf6 12. Bg5 Bg7 13. Rab1 Be6 14. Bh6
Bxa2 15. Rbd1 Rad8 16. Ng5 f6 17. Bxg7 fxg5 18. Qh6 Rf7 19. Rxd8+ Qxd8 20. Bxc6
bxc6 21. Be5 Qd2 22. g4 Qxe2 23. Bg3 Bc4 24. Ra1 Bd5 25. c4 Be4 0-1

[Event "220th YMCA Autumn A"]
[Site "Warsaw"]
[Date "2019.10.04"]
[Round "3"]
[White "Safanowski, Tomasz"]
[Black "Tychulski, Krzysztof"]
[Result "1/2-1/2"]
[WhiteElo "1841"]
[BlackElo "1834"]
[PlyCount "120"]
[EventDate "2019.09.20"]
[EventType "tourn"]
[EventRounds "1"]
[EventCountry "POL"]
[SourceDate "2019.09.20"]

1. d4 Nf6 2. Nf3 e6 3. e3 b6 4. Bd3 Bb7 5. O-O Be7 6. b3 O-O 7. Bb2 c5 8. c4
cxd4 9. exd4 Qc7 10. Nc3 a6 11. Rc1 Qf4 12. Ne2 Qc7 13. Ng3 d6 14. Re1 Re8 15.
Bb1 Nbd7 16. Qd3 g6 17. Ng5 Bf8 18. h4 Bh6 19. Rcd1 d5 20. Bc1 Bg7 21. h5 Nf8
22. hxg6 hxg6 23. Be3 dxc4 24. bxc4 Qc6 25. N3e4 Nxe4 26. Nxe4 Red8 27. Qe2 f5
28. d5 exd5 29. cxd5 Rxd5 30. Rxd5 Qxd5 31. Rd1 Qc6 32. Rc1 Qd5 33. a3 Kh8 34.
Rd1 Qc6 35. Rd6 Qc7 36. Ng5 Re8 37. Bxf5 Re7 38. Bxg6 Qxd6 39. Qh5+ Kg8 40.
Bf7+ Rxf7 41. Qxf7+ Kh8 42. Qxb7 Qd1+ 43. Kh2 Be5+ 44. g3 Bd4 45. Qf7 Bg7 46.
Qe7 Qh5+ 47. Kg2 Qg6 48. Qe4 Qxe4+ 49. Nxe4 b5 50. Bd2 Ne6 51. Kf3 Nd4+ 52. Kg2
Nc6 53. Bc3 a5 54. f4 b4 55. axb4 axb4 56. Bxg7+ Kxg7 57. Kf3 Kg6 58. g4 Ne7
59. Ke3 b3 60. f5+ Nxf5+ 1/2-1/2

[Event "220th YMCA Autumn A"]
[Site "Warsaw"]
[Date "2019.10.01"]
[Round "3"]
[White "Omar, Mohamed"]
[Black "Matyszkiewicz, Wiktor"]
[Result "0-1"]
[WhiteElo "1864"]
[BlackElo "1844"]
[PlyCount "98"]
[EventDate "2019.09.20"]
[EventType "tourn"]
[EventRounds "1"]
[EventCountry "POL"]
[SourceDate "2019.09.20"]

1. e4 c5 2. d3 Nc6 3. Nc3 Nf6 4. Be3 e6 5. Nf3 d5 6. exd5 exd5 7. d4 Bg4 8. Be2
Qb6 9. Na4 Qa5+ 10. c3 c4 11. O-O Bd6 12. b4 Qc7 13. h3 Bh5 14. Rb1 O-O 15. Nh4
Bxe2 16. Qxe2 Ne4 17. Nf5 Ne7 18. Nxd6 Qxd6 19. Bd2 b6 20. Rfe1 Ng6 21. f3 Nxd2
22. Qxd2 Qg3 23. Qf2 Qg5 24. Kh2 Nf4 25. Nb2 Rfe8 26. g3 Ne6 27. Re5 Qd8 28.
Rbe1 a5 29. a3 axb4 30. axb4 Ra2 31. R1e2 Qd7 32. f4 f6 33. R5e3 Nc7 34. Rxe8+
Nxe8 35. Nd1 Ra3 36. Qf3 Nc7 37. Qe3 Kf7 38. Kg2 Nb5 39. g4 Nd6 40. Nf2 Nb5 41.
Nd1 h5 42. Qf3 Nxd4 43. Qe3 Nxe2 44. Qxe2 Qe6 45. Qd2 hxg4 46. hxg4 Qxg4+ 47.
Kf2 Qf5 48. Kf3 Qe4+ 49. Kg3 d4 0-1

[Event "220th YMCA Autumn A"]
[Site "Warsaw"]
[Date "2019.10.04"]
[Round "3"]
[White "Koziol, Pawel"]
[Black "Derylo, Kamil"]
[Result "0-1"]
[WhiteElo "1822"]
[BlackElo "2020"]
[PlyCount "94"]
[EventDate "2019.09.20"]
[EventType "tourn"]
[EventRounds "1"]
[EventCountry "POL"]
[SourceDate "2019.09.20"]

1. c4 Nf6 2. g3 e6 3. Bg2 d5 4. Nf3 dxc4 5. Qa4+ Bd7 6. Qxc4 c5 7. Ne5 Qc8 8.
O-O Nc6 9. Nxd7 Qxd7 10. d3 Be7 11. Be3 Nd4 12. Re1 O-O 13. Na3 a6 14. Qc1 Rac8
15. Nc4 Bd8 16. Ne5 Qe7 17. Bg5 Ba5 18. Bd2 Bxd2 19. Qxd2 $11 Qc7 20. Nf3 Rfd8
21. Rac1 b5 22. Nxd4 Rxd4 23. Qe3 Rdd8 24. Rc2 Nd5 25. Bxd5 exd5 26. Rec1 c4
27. dxc4 dxc4 28. b3 Qb7 29. bxc4 Rxc4 30. Rxc4 bxc4 31. Qf4 c3 32. e4 Qb2 33.
Kg2 g6 34. Qf6 Rd3 35. Qxa6 Qxc1 36. Qxd3 Qd2 37. Qb5 c2 38. Qe8+ Kg7 39. Qe5+
Kh6 40. Qe7 c1=Q 41. Qf8+ Kh5 42. Qxf7 Qc8 43. Qxh7+ Qh6 44. Qe7 g5 45. h3 Kg6
46. Qd6+ Kh7 47. Qe7+ Qg7 0-1

[Event "220th YMCA Autumn A"]
[Site "Warsaw"]
[Date "2019.10.01"]
[Round "3"]
[White "Choroszej, Aleksander"]
[Black "Potocki, Karol"]
[Result "1-0"]
[WhiteElo "2054"]
[BlackElo "1847"]
[PlyCount "59"]
[EventDate "2019.09.20"]
[EventType "tourn"]
[EventRounds "1"]
[EventCountry "POL"]
[SourceDate "2019.09.20"]

1. d4 d5 2. c4 e6 3. Nc3 Nf6 4. cxd5 Nxd5 5. Nf3 c5 6. e4 Nxc3 7. bxc3 cxd4 8.
cxd4 Bb4+ 9. Bd2 Bxd2+ 10. Qxd2 O-O 11. Bc4 Nd7 12. O-O Nf6 13. Rfe1 b6 14. a4
Bb7 15. Bd3 Qd7 16. a5 bxa5 17. Rxa5 Rfc8 18. Rg5 g6 19. h4 Qe7 20. e5 Bxf3 21.
exf6 Qxf6 22. gxf3 Qxd4 23. Rg4 Qd5 24. Qe3 Rc3 25. Rd4 Qc5 26. Rd7 Qc6 27. Qd4
Rc8 28. Be4 Qb6 29. Qf6 Rf8 30. Qxc3 1-0

[Event "220th YMCA Autumn A"]
[Site "Warsaw"]
[Date "2019.10.16"]
[Round "4"]
[White "Derylo, Kamil"]
[Black "Choroszej, Aleksander"]
[Result "1-0"]
[WhiteElo "2020"]
[BlackElo "2054"]
[PlyCount "107"]
[EventDate "2019.09.20"]
[EventType "tourn"]
[EventRounds "1"]
[EventCountry "POL"]
[SourceDate "2019.09.20"]

1. e4 g6 2. d4 Bg7 3. Nc3 d6 4. f4 Nf6 5. a3 O-O 6. Nf3 Na6 7. e5 Nh5 8. Be3 c5
9. Bxa6 cxd4 10. Bxd4 bxa6 11. Qd2 Bb7 12. Qe3 Bh6 13. Ne2 dxe5 14. Bxe5 f6 15.
Rd1 Qb6 16. Bd4 Qc7 17. Qb3+ Rf7 18. O-O Nxf4 19. Nxf4 Bxf4 20. g3 Bxg3 21.
hxg3 Qxg3+ 22. Kh1 e5 23. Bg1 e4 24. Bh2 Qh3 25. Qxf7+ Kxf7 26. Ng5+ Kg8 27.
Nxh3 e3+ 28. Kg1 e2 29. Rd7 exf1=Q+ 30. Kxf1 Be4 31. Nf4 Bxc2 32. Nd5 Rf8 33.
Rxa7 Rf7 34. Ra8+ Kg7 35. Rd8 g5 36. Kf2 Bb3 37. Nc3 Kg6 38. Rd6 Bc4 39. Ne4
Kf5 40. Ke3 Re7 41. Rxf6+ Kg4 42. Bd6 Re6 43. Rxe6 Bxe6 44. Nf6+ Kf5 45. Nxh7
Bc8 46. Be7 g4 47. Nf6 Bb7 48. Nh5 Bd5 49. Kd4 Bf3 50. Bd6 Ke6 51. Kc5 Kd7 52.
Bg3 Be2 53. b4 Bb5 54. Nf6+ $138 1-0

[Event "220th YMCA Autumn A"]
[Site "Warsaw"]
[Date "2019.10.08"]
[Round "4"]
[White "Matyszkiewicz, Wiktor"]
[Black "Koziol, Pawel"]
[Result "1-0"]
[WhiteElo "1844"]
[BlackElo "1822"]
[PlyCount "37"]
[EventDate "2019.09.20"]
[EventType "tourn"]
[EventRounds "1"]
[EventCountry "POL"]
[SourceDate "2019.09.20"]

1. e4 c5 2. Nf3 e6 3. d4 cxd4 4. Nxd4 Nc6 5. Nc3 Qc7 6. Be2 a6 7. Be3 Nf6 8.
O-O Bb4 9. Nxc6 bxc6 10. Qd4 c5 11. Qc4 Bb7 12. Bf3 O-O 13. e5 Bxf3 14. exf6
gxf6 15. Bh6 Bh5 16. Qh4 Qe5 17. Ne4 Bg6 18. Nxf6+ Kh8 19. Bxf8 1-0

[Event "220th YMCA Autumn A"]
[Site "Warsaw"]
[Date "2019.10.11"]
[Round "4"]
[White "Tychulski, Krzysztof"]
[Black "Omar, Mohamed"]
[Result "0-1"]
[WhiteElo "1834"]
[BlackElo "1864"]
[PlyCount "72"]
[EventDate "2019.09.20"]
[EventType "tourn"]
[EventRounds "1"]
[EventCountry "POL"]
[SourceDate "2019.09.20"]

1. e4 Nf6 2. e5 Nd5 3. d4 d6 4. Nf3 Bg4 5. Be2 Nc6 6. O-O e6 7. c4 Nb6 8. exd6
cxd6 9. d5 exd5 10. cxd5 Bxf3 11. gxf3 Ne5 12. Bb5+ Nbd7 13. Re1 Be7 14. f4 Ng6
15. f5 Nh4 16. Qg4 O-O 17. Bh6 Bf6 18. Nc3 Ne5 19. Rxe5 Bxe5 20. Ne4 Nf3+ 21.
Qxf3 gxh6 22. f6 Kh8 23. Kh1 Rg8 24. Qf5 Rg6 25. Bd3 Bxf6 26. Rg1 Rxg1+ 27.
Kxg1 Qg8+ 28. Kf1 Be7 29. Nxd6 Bxd6 30. Qf6+ Qg7 31. Qxd6 Qxb2 32. f4 Qa1+ 33.
Kf2 Qd4+ 34. Ke2 Re8+ 35. Kd2 Qe3+ 36. Kc2 Rc8+ 0-1

[Event "220th YMCA Autumn A"]
[Site "Warsaw"]
[Date "2019.10.11"]
[Round "4"]
[White "Liberadzki, Slawomir"]
[Black "Safanowski, Tomasz"]
[Result "1-0"]
[WhiteElo "1983"]
[BlackElo "1841"]
[PlyCount "73"]
[EventDate "2019.09.20"]
[EventType "tourn"]
[EventRounds "1"]
[EventCountry "POL"]
[SourceDate "2019.09.20"]

1. c4 d6 2. Nc3 e5 3. g3 g6 4. Bg2 Bg7 5. d3 c6 6. Bd2 Ne7 7. Nf3 O-O 8. Qc1 d5
9. Bh6 Bxh6 10. Qxh6 Nf5 11. Qd2 dxc4 12. dxc4 Qxd2+ 13. Nxd2 Be6 14. O-O-O Nd7
15. Nde4 Kg7 16. Rd2 Nb6 17. b3 a5 18. Nc5 Rfb8 19. Rhd1 a4 20. N3xa4 Nxa4 21.
Nxa4 Rxa4 22. bxa4 Ra8 23. e3 Rxa4 24. Bf1 Kf6 25. Rb2 Bxc4 26. Bxc4 Rxc4+ 27.
Kb1 b5 28. Rc2 Rb4+ 29. Ka1 Ne7 30. Rd6+ Kf5 31. f3 e4 32. Rc5+ Nd5 33. Rdxc6
exf3 34. Rxd5+ Ke4 35. Rd7 Kxe3 36. Rxf7 g5 37. Rc3+ 1-0